| 000 | 00493nab a2200145Ia 4500 | ||
|---|---|---|---|
| 003 | ES-SlBCS | ||
| 005 | 20210601124325.0 | ||
| 008 | 140529s1994 xxu||||| |||| 00| 0 eng d | ||
| 041 | _aeng | ||
| 100 | 1 |
_aCunningham, Craig A. _9139740 |
|
| 245 | 0 | 0 |
_aUnique Potential: A Metaphor for John Dewey´s Later Conception of the Self _c Craig A. Cunningham |
| 600 | 1 |
_aDewey, John-Concepto del Yo _9139741 |
|
| 773 | 0 |
_tEducational Theory _gvol. 44, nº. 2, 1994, págs. 211-224 _wRev1399 |
|
| 942 | _cAR | ||
| 999 |
_c512943 _d512943 |
||